La administración en una época de grandes cambios

Na minha lista:
Detalhes bibliográficos
Autor principal: Drucker, Peter Ferdinand (Author)
Formato: Livro
Idioma:espanhol
Publicado em: Buenos Aires De Bolsillo 2012
Edição:1a. ed
Colecção:Best Seller
Assuntos:
Tags: Adicionar Tag
Sem tags, seja o primeiro a adicionar uma tag!

MARC

LEADER 00000cam a2200000 a 4500
001 UCF1908
003 CL-VaPUC
008 120802e20120000AG |||||||||||||||||spa|d
020 |a 9789875667969 
082 0 4 |a 658.001  |b DRU  |2 21 
100 0 |a Drucker, Peter Ferdinand  |e author  |9 413949 
245 1 3 |a La administración en una época de grandes cambios 
250 |a 1a. ed 
300 |a 424 p 
942 |c BK 
945 |d 20120802 00:00:00  |a cmena 
260 |a Buenos Aires  |b De Bolsillo  |c 2012 
650 0 |a Administración de empresas   |9 260833 
650 0 |a Teoría de la administración  |9 388768 
650 0 |a Cambio social   |9 256857 
650 0 |a Planificación estratégica   |9 259735 
583 |a last modification  |c 20120802 10:35:00  |k Rodrigo Vera 
490 0 |a Best Seller 
999 |c 348594  |d 348592 
952 |0 0  |1 0  |4 0  |6 658_001000000000000_DRU_2012  |7 0  |8 A  |9 450679  |a BIBING  |b BIBING  |d 2019-11-22  |i 4884310  |o 658.001 DRU 2012  |p 4884310  |r 2025-01-20  |w 2019-11-22  |y BK  |k CUI